000 00809cam a22002777a 4500
001 17114969
005 20180123045404.0
008 120110s2012 dcua fb 001 0 eng
010 _a 2012930709
020 _a9781928896821
020 _a1928896820
035 _a(OCoLC)ocn811562388
040 _aURC
_cURC
_dIWA
_dDLC
041 _aeng
042 _alccopycat
080 _a618.92 kat
082 0 0 _a618.92 kat
_223
100 _a8
101 _ashm
245 0 0 _aHealthy young children :
_cSusan S. Aronson, editor.
504 _aIncludes bibliographical references (p. 239) and index.
906 _a7
_bcbc
_ccopycat
_d2
_encip
_f20
_gy-gencatlg
942 _2ddc
_cBK
999 _c40764
_d40764